OVERSEA CHINESE MUSLIMS : (Record no. 76234)

MARC details
000 -LEADER
fixed length control field 01152cam a2200337 i 4500
001 - CONTROL NUMBER
control field C2-0267222
003 - CONTROL NUMBER IDENTIFIER
control field PPAK
005 - DATE AND TIME OF LATEST TRANSACTION
control field 20190210151345.0
008 - FIXED-LENGTH DATA ELEMENTS--GENERAL INFORMATION
fixed length control field 050912r20182004my o e b 0 eng d
020 ## - INTERNATIONAL STANDARD BOOK NUMBER
International Standard Book Number 9830371220
International Standard Book Number 9789830371221
Qualifying information hardback
Terms of availability RM 130.00
040 ## - CATALOGING SOURCE
Original cataloging agency PPAK
Language of cataloging eng
Transcribing agency PPAK
Description conventions rda
082 04 - DEWEY DECIMAL CLASSIFICATION NUMBER
Classification number 305.6971051
Edition number 23
090 00 - LOCALLY ASSIGNED LC-TYPE CALL NUMBER (OCLC); LOCAL CALL NUMBER (RLIN)
Classification number (OCLC) (R) ; Classification number, CALL (RLIN) (NR) 305.6971051
Feature heading LIU
Feature heading G
Classification number (OCLC) (R) ; Classification number, CALL (RLIN) (NR) 305.6971051
Feature heading LIU
Feature heading R
100 1# - MAIN ENTRY--PERSONAL NAME
Personal name Liu, Yusuf Baojun,
Dates associated with a name 1963-
Relator term author.
245 10 - TITLE STATEMENT
Title OVERSEA CHINESE MUSLIMS :
Remainder of title The General Information on Distribution of Oversea Chinese Muslims /
Statement of responsibility, etc. Yusuf Liu Baojun.
250 ## - EDITION STATEMENT
Edition statement 2nd edition 2018.
264 #1 - PRODUCTION, PUBLICATION, DISTRIBUTION, MANUFACTURE, AND COPYRIGHT NOTICE
Place of production, publication, distribution, manufacture Shah Alam, Selangor :
Name of producer, publisher, distributor, manufacturer ANZAGAIN SDN. BHD. ;
Date of production, publication, distribution, manufacture, or copyright notice 2004
300 ## - PHYSICAL DESCRIPTION
Extent 2 volumes (123 pages ; vi, 130 pages)
Other physical details colour photographs ;
Dimensions 26 cm
336 ## - CONTENT TYPE
Source rdacontent
Content type term text
337 ## - MEDIA TYPE
Source rdamedia
Media type term unmediated
338 ## - CARRIER TYPE
Source rdacarrier
Carrier type term volume
504 ## - BIBLIOGRAPHY, ETC. NOTE
Bibliography, etc. note Bibliography: page 130
650 10 - SUBJECT ADDED ENTRY--TOPICAL TERM
Topical term or geographic name entry element Muslims
General subdivision History
Geographic subdivision Non-Muslim countries
Topical term or geographic name entry element Muslim converts
Topical term or geographic name entry element Muslims
General subdivision Social conditions
Topical term or geographic name entry element Muslims
General subdivision History
Geographic subdivision China
Topical term or geographic name entry element Islam
General subdivision History
Geographic subdivision China
942 ## - ADDED ENTRY ELEMENTS (KOHA)
Koha item type Book
Source of classification or shelving scheme Dewey Decimal Classification
Holdings
Withdrawn Not for loan Current library Shelving location Date acquired Full call number Barcode Date last seen Koha item type Total Checkouts Date last checked out
    Perpustakaan Alor Setar Pinjaman Dewasa 02/01/2019 305.6971051 LIU A01590638 02/01/2019 Book    
    Perpustakaan Alor Setar Pinjaman Dewasa 02/01/2019 305.6971051 LIU A01590637 02/01/2019 Book    
    Perpustakaan Awam Sungai Petani Pinjaman Dewasa 02/01/2019 305.6971051 LIU A01590639 02/01/2019 Book    
    Perpustakaan Awam Sungai Petani Pinjaman Dewasa 02/01/2019 305.6971051 LIU A01112465 10/04/2021 Book    
    Perpustakaan Awam Sungai Petani Pinjaman Dewasa 02/01/2019 305.6971051 LIU A01130161 17/07/2022 Book 1 26/06/2022
    Perpustakaan Baling Pinjaman Dewasa 02/01/2019 305.6971051 LIU A01590643 02/01/2019 Book    
  Not For Loan Perpustakaan Baling Rujukan Dewasa 02/01/2019 R 305.6971051 LIU A01112472 19/04/2021 Book    
  Not For Loan Perpustakaan Baling Rujukan Dewasa 02/01/2019 R 305.6971051 LIU A01130164 19/04/2021 Book    
    Perpustakaan Bandar Baharu Pinjaman Dewasa 02/01/2019 305.6971051 LIU A01590644 02/01/2019 Book    
    Perpustakaan Jitra Pinjaman Dewasa 02/01/2019 305.6971051 LIU A01590640 02/01/2019 Book    
    Perpustakaan Kuala Nerang Pinjaman Dewasa 02/01/2019 305.6971051 LIU A01590648 02/01/2019 Book    
    Perpustakaan Kulim Pinjaman Dewasa 02/01/2019 305.6971051 LIU A01590642 02/01/2019 Book    
    Perpustakaan Langkawi Pinjaman Dewasa 02/01/2019 305.6971051 LIU A01590641 02/01/2019 Book    
    Perpustakaan Merbok Pinjaman Dewasa 02/01/2019 305.6971051 LIU A01590645 02/01/2019 Book    
  Not For Loan Perpustakaan Merbok Rujukan Dewasa 02/01/2019 R 305.6971051 LIU A01112464 17/04/2021 Book    
    Perpustakaan Merbok Pinjaman Dewasa 02/01/2019 305.6971051 LIU A01112463 17/04/2021 Book    
    Perpustakaan Pendang Pinjaman Dewasa 14/02/2019 305.6971051 LIU A01592529 14/02/2019 Book    
    Perpustakaan Sik Pinjaman Dewasa 02/01/2019 305.6971051 LIU A01590647 02/01/2019 Book    
    Perpustakaan Yan Pinjaman Dewasa 02/01/2019 305.6971051 LIU A01590646 02/01/2019 Book    
  Not For Loan Perpustakaan Yan Rujukan Dewasa 02/01/2019 R 305.6971051 LIU A01112469 27/10/2021 Book